English First Names of the Middle Ages - Statistics

General Stats
  • This quiz has been taken 61,130 times
  • The average score is 9 of 19
Answer Stats
% Answer % Correct
14.9 Elizabeth
88%
3.4 Mary
87%
29.7 John
83%
3.4 Henry
77%
9.2 Anne
73%
13.8 William
72%
1.9 Edward
58%
3.0 Jane
56%
3.0 Katherine
54%
7.3 Richard
53%
14.2 Thomas
42%
6.4 Robert
34%
11.1 Margaret
31%
11.4 Joan
22%
4.1 Isabel
16%
7.9 Alice
11%
1.7 Walter
10%
2.6 Nicholas
9%
5.9 Agnes
8%
No matching quizzes found
Score Distribution
Percent of People with Each Score
Percentile by Number Answered
Your Score History
You have not taken this quiz